| 000 | 00407nam a22001697a 4500 | ||
|---|---|---|---|
| 003 | OSt | ||
| 008 | 250206b |||||||| |||| 00| 0 eng d | ||
| 020 | _a81-224-0106-6 | ||
| 041 | _aeng | ||
| 082 |
_a532 _bGAR/FL |
||
| 100 |
_aGarde, RJ _97088 |
||
| 245 | _aFluid Mechanics Through Problems | ||
| 250 | _a2nd Reprint | ||
| 260 |
_aNew Delhi: _bWiley Eastern Ltd, _c1989. |
||
| 300 | _a660p. | ||
| 942 | _cBK | ||
| 999 |
_c19316 _d19316 |
||